Falošná negativita Marshallovho-Bonneyovho testu

Bibliographic Details
Main Authors: Filický, Juraj, 1933-2025 (Author), Štencl, Ján, 1940- (Author)
Format: Article
Language:Slovak
PhysicalDescription:Tb. 3. Res. rus., angl., nem., lit. 9 zázn. v slov., češ., nem.
Subjects:

MARC

LEADER 00000nab a2200000 a 4500
001 vtls000283780
003 SK-MaSNL
005 20260305000323.0
008 250422c1987 xo 0 slo
015 |a SNBRB19rr/mm-uuuuu 
035 |a CL0293898 
035 |a urn:nbn:sk:snk-ab75x 
035 |a (urnnbn)urn:nbn:sk:snk:ar-a03ee3 
035 |a (uuid)5b5f0830-97a7-48ec-b592-495faccb9338 
040 |a SNKBUCL  |b slo  |c SNKBUCL  |e AACR2 
041 0 |a slo 
044 |a xo  |c SK 
080 |a 618.164:616-003.2-072.7  |2 1981 
080 |a 616-003.2-072.7  |2 1981 
100 1 |a Filický, Juraj,  |d 1933-2025  |4 aut  |9 264073 
245 1 0 |a Falošná negativita Marshallovho-Bonneyovho testu  |c Juraj Filický, Ján Štencl 
300 |b Tb. 3. Res. rus., angl., nem., lit. 9 zázn. v slov., češ., nem. 
650 0 7 |a moč  |2 snkbucl 
650 0 7 |a inkontinencia stresová  |2 snkbucl  |9 1574760 
655 7 |a články z novín a časopisov  |2 snkbucl  |9 267496 
700 1 |a Štencl, Ján,  |d 1940-  |4 aut  |9 201971 
773 0 |t Bratislavské lekárske listy  |g Roč. 87, č. 3 (1987), s. 312-317 
850 |a Slovenská národná knižnica 
852 |a Slovenská národná knižnica 
954 |a odborná, vedecká literatúra pôvodná (slovenská)  |2 lita 
958 |a article27 
958 |a NB 
958 |a RK 
958 |a MI 
958 |a OND 
958 |a EUIPO 
992 |a RBX 
999 |c 3213113  |d 3215043